Normal view
MARC view
- Concrete
Entry Topical Term
001 - CONTROL NUMBER
- control field: 51334
003 - CONTROL NUMBER IDENTIFIER
- control field: NUST
005 - DATE AND TIME OF LATEST TRANSACTION
- control field: 20210314134946.0
008 - FIXED-LENGTH DATA ELEMENTS
- fixed length control field: 210314|| aca||aabn | a|a d
040 ## - CATALOGING SOURCE
- Original cataloging agency: NUST
- Transcribing agency: NUST
150 ## - HEADING--TOPICAL TERM
- Topical term or geographic name entry element: Concrete
670 ## - SOURCE DATA FOUND
- Source citation: Work cat.: (NUST): American Concrete Institute, 37057, ACI Collection of Concrete Codes, specifications and Practice 2018 , 2018.
